000 00611nab a2200181 4500
001 244442
003 OSt
005 20230609092809.0
007 tu
008 200917s2020|||||||
040 _aDE-2950
_cDE-2950
245 0 0 _aMit Oma Gerda auf Tour.
_bGeschichte. Stadtführungen gelten bei Kindern und Jugendlichen oft als langweilig. Gerda Witzke hat sich deshalb einige Besonderheiten überlegt /
_cManuel Wozniak
264 _c2023
653 _aFrankfurt (Oder)
653 _aStadtführung
773 0 _g34. Jahrgang (2023) Nr. 128 vom 05.06.2023, S. 13: mit Foto
_tMärkische Oderzeitung
942 _2z
_cA
999 _c372526
_d372526